[Event "0MCR_3DE_1L_1S"]
[Site "?"]
[Date "2003.??.??"]
[Round "?"]
[White "Gubas, Jan"]
[Black "Hlavac, Rudolf"]
[Result "1/2-1/2"]
[WhiteElo "2315"]
[BlackElo "2303"]
[PlyCount "123"]
[EventDate "2003.??.??"]
[EventType "corr"]
[EventRounds "2"]
[SourceDate "2004.06.03"]

1. e4 e6 2. d4 g6 3. Nf3 Bg7 4. Bd3 Ne7 5. O-O d6 6. c3 Nd7 7. Nbd2 O-O 8. Re1
e5 9. Nb3 b6 10. Be3 Bb7 11. Qe2 d5 12. Bg5 f6 13. Bh4 g5 14. Bg3 g4 15. Nfd2
f5 16. exf5 e4 17. f3 gxf3 18. gxf3 Nxf5 19. fxe4 Nxg3 20. hxg3 Qg5 21. Qh2 Qg6
22. Bb1 dxe4 23. Nxe4 Qh6 24. Bd3 Rae8 25. Qxh6 Bxh6 26. Nbd2 a6 27. Re2 Kh8
28. Rae1 Re7 29. a4 a5 30. Nf1 Bd5 31. Ned2 Rxe2 32. Rxe2 Bg5 33. Be4 Bg8 34.
Bc6 Rf7 35. b4 axb4 36. cxb4 Nb8 37. Bb5 c6 38. Bc4 Re7 39. Rxe7 Bxe7 40. Bxg8
Kxg8 41. b5 c5 42. d5 Nd7 43. Nc4 Kf7 44. Kf2 h5 45. Kf3 Bg5 46. Ke4 Kf6 47.
Nh2 h4 48. gxh4 Bxh4 49. Ng4+ Ke7 50. Nge5 Nf6+ 51. Kf5 Nxd5 52. Ng6+ Kd7 53.
Nxh4 Nc3 54. Nxb6+ Kc7 55. a5 Nxb5 56. Nc4 Kb7 57. Nf3 Na7 58. Nfe5 Nb5 59. Ke4
Nd4 60. Kd5 Nb3 61. Nd3 Ka7 62. Nxc5 1/2-1/2

[Event "0MCR_3DE_1L_1S"]
[Site "?"]
[Date "2003.??.??"]
[Round "?"]
[White "Gubas, Jan"]
[Black "Lounek, Jan"]
[Result "1/2-1/2"]
[WhiteElo "2315"]
[BlackElo "2320"]
[PlyCount "99"]
[EventDate "2003.??.??"]
[EventType "corr"]
[EventRounds "2"]
[SourceDate "2004.06.03"]

1. e4 c5 2. Nf3 d6 3. d4 cxd4 4. Nxd4 Nf6 5. Nc3 a6 6. Be2 e5 7. Nb3 Be7 8. O-O
O-O 9. Qd3 Nc6 10. Bg5 Be6 11. Rfd1 Rc8 12. a3 Ne8 13. Bc1 f5 14. Qh3 Nc7 15.
Nc5 Nd4 16. Nxe6 Ncxe6 17. Bd3 Nc5 18. exf5 Nxd3 19. Qxd3 Qd7 20. Be3 Nxf5 21.
Nd5 Qe6 22. f3 Nxe3 23. Qxe3 Bd8 24. Qe4 b5 25. b3 a5 26. c3 Rb8 27. Rab1 Qf5
28. Qxf5 Rxf5 29. c4 Kf7 30. Nc3 bxc4 31. bxc4 Rxb1 32. Rxb1 Ke6 33. Kf2 g5 34.
Ke3 g4 35. fxg4 Rf4 36. Ne4 Rxg4 37. g3 Bc7 38. h3 Rg6 39. Rb5 Kd7 40. Kf3 Kc6
41. g4 Rg8 42. Ng3 Rb8 43. a4 Rxb5 44. cxb5+ Kc5 45. g5 d5 46. h4 e4+ 47. Kg4
e3 48. h5 Kc4 49. g6 Bxg3 50. Kxg3 1/2-1/2

[Event "0MCR_3DE_1L_1S"]
[Site "?"]
[Date "2003.??.??"]
[Round "?"]
[White "Gubas, Jan"]
[Black "Mikoska, Josef"]
[Result "1-0"]
[WhiteElo "2315"]
[BlackElo "2210"]
[PlyCount "75"]
[EventDate "2003.??.??"]
[EventType "corr"]
[EventRounds "2"]
[SourceDate "2004.06.03"]

1. e4 e5 2. Nf3 Nc6 3. Bb5 a6 4. Ba4 Nf6 5. O-O Bc5 6. c3 Ba7 7. d4 Nxe4 8. Re1
f5 9. Nbd2 O-O 10. Nxe4 fxe4 11. Rxe4 d5 12. Bg5 Qd6 13. dxe5 Bxf2+ 14. Kxf2
Nxe5 15. Bb3 c6 16. Qe2 Nxf3 17. gxf3 Qxh2+ 18. Ke3 Qg3 19. Bh4 Qh3 20. Qf1 Qf5
21. Kd2 a5 22. Re3 a4 23. Bc2 Qf4 24. Qf2 a3 25. Bg3 Qh6 26. b3 Bg4 27. f4 d4
28. Re5 dxc3+ 29. Kxc3 Rae8 30. f5 Rxe5 31. Bxe5 Qh3+ 32. Kb4 Bxf5 33. Rf1 g6
34. Kxa3 Qh6 35. Qd4 b5 36. Qd6 Ra8+ 37. Kb2 Qf8 38. Bxf5 1-0

[Event "0MCR_3DE_1L_1S"]
[Site "?"]
[Date "2003.??.??"]
[Round "?"]
[White "Gubas, Jan"]
[Black "Pecka, Josef"]
[Result "1/2-1/2"]
[WhiteElo "2315"]
[BlackElo "2285"]
[PlyCount "60"]
[EventDate "2003.??.??"]
[EventType "corr"]
[EventRounds "2"]
[SourceDate "2004.06.03"]

1. e4 e6 2. d4 d5 3. Nc3 Nf6 4. Bg5 dxe4 5. Nxe4 Nbd7 6. Nf3 Be7 7. Nxf6+ Bxf6
8. Bxf6 Nxf6 9. Bd3 c5 10. dxc5 Qa5+ 11. c3 Qxc5 12. Qe2 O-O 13. O-O b6 14.
Rad1 Bb7 15. Rd2 Rad8 16. Rfd1 Rd5 17. Qe3 e5 18. Bc2 Rxd2 19. Rxd2 Bxf3 20.
Qxf3 Re8 21. h3 e4 22. Qf4 e3 23. fxe3 Rxe3 24. Kh2 Re8 25. Bb3 Qc8 26. Ba4 Rf8
27. Rd4 Qc5 28. Rc4 Qh5 29. Bb3 a5 30. Rc6 b5 1/2-1/2

[Event "0MCR_3DE_1L_1S"]
[Site "?"]
[Date "2003.??.??"]
[Round "?"]
[White "Gubas, Jan"]
[Black "Prepiora, Vaclav"]
[Result "1/2-1/2"]
[WhiteElo "2315"]
[BlackElo "2360"]
[PlyCount "45"]
[EventDate "2003.??.??"]
[EventType "corr"]
[EventRounds "2"]
[SourceDate "2004.06.03"]

1. e4 c5 2. Nf3 d6 3. d4 cxd4 4. Nxd4 Nf6 5. Nc3 Nc6 6. Bg5 e6 7. Qd2 a6 8.
O-O-O h6 9. Be3 Be7 10. f4 Nxd4 11. Bxd4 b5 12. Qe3 Bb7 13. Bxf6 Bxf6 14. e5
Be7 15. exd6 Bxd6 16. Ne4 Bxe4 17. Qxe4 O-O 18. Bd3 g6 19. h4 Qf6 20. Rdf1 Qf5
21. Qf3 Qd5 22. Qxd5 exd5 23. f5 1/2-1/2

[Event "0MCR_3DE_1L_1S"]
[Site "?"]
[Date "2003.??.??"]
[Round "?"]
[White "Gubas, Jan"]
[Black "Strnad, Martin"]
[Result "1/2-1/2"]
[WhiteElo "2315"]
[BlackElo "2235"]
[PlyCount "39"]
[EventDate "2003.??.??"]
[EventType "corr"]
[EventRounds "2"]
[SourceDate "2004.06.03"]

1. e4 e5 2. Nf3 Nf6 3. Nxe5 d6 4. Nf3 Nxe4 5. d4 d5 6. Bd3 Bd6 7. O-O O-O 8. c4
c6 9. Re1 Bg4 10. Bxe4 dxe4 11. Rxe4 f5 12. Re6 Qd7 13. d5 Na6 14. Nc3 Nc5 15.
Re1 Qc7 16. h3 Bh5 17. a4 Rae8 18. Rxe8 Rxe8 19. Be3 Ne4 20. a5 1/2-1/2

[Event "0MCR_3DE_1L_1S"]
[Site "?"]
[Date "2003.??.??"]
[Round "?"]
[White "Gubas, Jan"]
[Black "Sykora, Josef"]
[Result "1/2-1/2"]
[WhiteElo "2315"]
[BlackElo "2370"]
[PlyCount "74"]
[EventDate "2003.??.??"]
[EventType "corr"]
[EventRounds "2"]
[SourceDate "2004.06.03"]

1. e4 c6 2. d4 d5 3. Nc3 dxe4 4. Nxe4 Nd7 5. Bc4 Ngf6 6. Ng5 e6 7. Qe2 Nb6 8.
Bb3 h6 9. N5f3 a5 10. a3 a4 11. Ba2 c5 12. Be3 Nbd5 13. O-O-O Qc7 14. Ne5 Nxe3
15. fxe3 Bd6 16. Ngf3 O-O 17. Bc4 b6 18. g4 Bb7 19. Rhg1 cxd4 20. exd4 b5 21.
Bxb5 Bxf3 22. Qxf3 Bxe5 23. dxe5 Qxe5 24. Qe2 Qg5+ 25. Kb1 Rfc8 26. c4 Rc5 27.
Qd2 Qxd2 28. Rxd2 Kf8 29. h3 h5 30. Ka2 Re5 31. Rd3 hxg4 32. hxg4 Rg5 33. Rdg3
Ke7 34. b4 axb3+ 35. Kxb3 Ne4 36. Re3 Nc5+ 37. Kb4 Na6+ 1/2-1/2

[Event "0MCR_3DE_1L_1S"]
[Site "?"]
[Date "2003.??.??"]
[Round "?"]
[White "Hlavac, Rudolf"]
[Black "Gubas, Jan"]
[Result "1/2-1/2"]
[WhiteElo "2303"]
[BlackElo "2315"]
[PlyCount "108"]
[EventDate "2003.??.??"]
[EventType "corr"]
[EventRounds "2"]
[SourceDate "2004.06.03"]

1. d4 d5 2. Nf3 Nf6 3. g3 Bf5 4. Bg2 e6 5. Nh4 Bg4 6. h3 Bh5 7. c4 c6 8. Qb3 b6
9. Nc3 a6 10. O-O dxc4 11. Qxc4 Nd5 12. e4 b5 13. Qd3 Nb6 14. f4 b4 15. Ne2
Bxe2 16. Qxe2 Qxd4+ 17. Be3 Qd8 18. Rac1 Qc7 19. Bd4 c5 20. e5 Ra7 21. f5 Nc6
22. Bf2 g6 23. fxe6 fxe6 24. Qg4 Nd8 25. Nf3 Be7 26. Nd4 Qc8 27. h4 Rc7 28. Nf3
Nf7 29. Bh3 Rc6 30. h5 Nd7 31. Bg2 g5 32. Rfe1 Qc7 33. Re2 O-O 34. Qe4 Rb6 35.
b3 a5 36. Rd1 Kh8 37. g4 Rbb8 38. Qc4 Nd8 39. Nd4 Nxe5 40. Nxe6 Nxe6 41. Qxe6
Bf6 42. Rd5 Rbe8 43. Rxc5 Qb8 44. Qf5 Bg7 45. Qxg5 Rxf2 46. Rxf2 Nd3 47. Rd5
Nxf2 48. Kxf2 Rf8+ 49. Rf5 Bd4+ 50. Kf3 Re8 51. Qf4 Re3+ 52. Qxe3 Bxe3 53. Kxe3
Qg3+ 54. Bf3 Qg1+ 1/2-1/2

[Event "0MCR_3DE_1L_1S"]
[Site "?"]
[Date "2003.??.??"]
[Round "?"]
[White "Hlavac, Rudolf"]
[Black "Lounek, Jan"]
[Result "0-1"]
[WhiteElo "2303"]
[BlackElo "2320"]
[PlyCount "74"]
[EventDate "2003.??.??"]
[EventType "corr"]
[EventRounds "2"]
[SourceDate "2004.06.03"]

1. e4 c5 2. a3 Nc6 3. Nf3 Nf6 4. Nc3 d5 5. exd5 Nxd5 6. Bc4 Nxc3 7. bxc3 e6 8.
O-O Bd6 9. d4 Qc7 10. Re1 O-O 11. Bd3 Ne7 12. Qe2 Ng6 13. g3 h6 14. h4 Ne7 15.
Qe4 f5 16. Qe2 b6 17. c4 Nc6 18. d5 Nd4 19. Nxd4 cxd4 20. dxe6 Qc6 21. Kh2 Bb7
22. Rg1 Rae8 23. Bd2 Bc5 24. Rae1 Rf6 25. Qh5 Rexe6 26. Rxe6 Rxe6 27. Qxf5 Rf6
28. Qh7+ Kf7 29. f4 Qf3 30. Be1 h5 31. Kh3 Qg4+ 32. Kh2 Re6 33. Bf2 Qf3 34.
Qf5+ Ke7 35. Qg5+ Kd7 36. Qxg7+ Re7 37. Bf5+ Kc7 0-1

[Event "0MCR_3DE_1L_1S"]
[Site "?"]
[Date "2003.??.??"]
[Round "?"]
[White "Hlavac, Rudolf"]
[Black "Mikoska, Josef"]
[Result "1/2-1/2"]
[WhiteElo "2303"]
[BlackElo "2210"]
[PlyCount "102"]
[EventDate "2003.??.??"]
[EventType "corr"]
[EventRounds "2"]
[SourceDate "2004.06.03"]

1. b3 e5 2. Bb2 Nc6 3. c4 Nf6 4. e3 d5 5. cxd5 Qxd5 6. Nc3 Qd7 7. Nf3 e4 8. Ng5
Qf5 9. f4 h6 10. Nh3 Qg6 11. Nf2 Bf5 12. a3 O-O-O 13. b4 Kb8 14. Qa4 h5 15. Rc1
Ng4 16. Nxg4 hxg4 17. Bc4 Be7 18. Kd1 Bf6 19. b5 Ne7 20. Qb3 g3 21. h3 Qh5+ 22.
Kc2 Bg6 23. a4 Rd7 24. Nb1 Rd3 25. Bc3 Nd5 26. Bxd5 Rxd5 27. Bxf6 gxf6 28. Kb2
Rd7 29. Rc2 Rhd8 30. Qc4 Bf5 31. Qc5 Qh8 32. Nc3 Be6 33. Ne2 Rxd2 34. Qxc7+ Ka8
35. Nd4 Rf2 36. Rxf2 gxf2 37. f5 Bd5 38. Rf1 Qf8 39. Qa5 Bc4 40. Rxf2 Bd3 41.
Rd2 Rc8 42. Rd1 b6 43. Qd2 Rc4 44. Kb3 Qc5 45. Ra1 Qd5 46. Kb2 Qd6 47. h4 Rb4+
48. Nb3 Rc4 49. Nd4 Rb4+ 50. Nb3 Rc4 51. Nd4 Rb4+ 1/2-1/2

[Event "0MCR_3DE_1L_1S"]
[Site "?"]
[Date "2003.??.??"]
[Round "?"]
[White "Hlavac, Rudolf"]
[Black "Pecka, Josef"]
[Result "0-1"]
[WhiteElo "2303"]
[BlackElo "2285"]
[PlyCount "68"]
[EventDate "2003.??.??"]
[EventType "corr"]
[EventRounds "2"]
[SourceDate "2004.06.03"]

1. e4 e6 2. d4 d5 3. e5 c5 4. Nc3 cxd4 5. Nb5 Nc6 6. Nf3 Bc5 7. a3 a6 8. b4 Bb6
9. Nd6+ Kf8 10. Nxc8 Rxc8 11. Bd3 Qc7 12. Bf4 Nf6 13. O-O Ne4 14. Re1 f5 15. h4
h6 16. g3 Kg8 17. Kg2 g6 18. Qb1 Kg7 19. Qb2 Qe7 20. Qc1 Bc7 21. Rh1 b5 22. Rd1
Bb8 23. Re1 Kg8 24. Bxh6 Bxe5 25. Bg5 Qg7 26. Qb2 Bd6 27. Rh1 e5 28. Qb3 Nc3
29. Nd2 Qf7 30. Bf1 Nd8 31. Nb1 f4 32. Bxd8 fxg3 33. fxg3 Nd1 34. Bg5 e4 0-1

[Event "0MCR_3DE_1L_1S"]
[Site "?"]
[Date "2003.??.??"]
[Round "?"]
[White "Hlavac, Rudolf"]
[Black "Prepiora, Vaclav"]
[Result "0-1"]
[WhiteElo "2303"]
[BlackElo "2360"]
[PlyCount "76"]
[EventDate "2003.??.??"]
[EventType "corr"]
[EventRounds "2"]
[SourceDate "2004.06.03"]

1. e4 c5 2. a3 Nf6 3. e5 Nd5 4. d4 cxd4 5. Qxd4 e6 6. Nf3 Nc6 7. Qg4 d6 8. exd6
e5 9. Qg3 Qxd6 10. Bb5 f6 11. O-O Be6 12. Nbd2 O-O-O 13. Ne4 Qc7 14. h3 g5 15.
Re1 Be7 16. c4 Nf4 17. c5 Rhg8 18. b4 h5 19. Be3 g4 20. hxg4 Rxg4 21. Bxf4 Rxg3
22. Bxg3 Bg4 23. Be2 Bxf3 24. Bxf3 Nd4 25. Bd1 Rh8 26. Nc3 Qc6 27. Re4 Qe6 28.
Rc1 Qa6 29. Nb1 Rg8 30. Bxh5 f5 31. Rxe5 Qh6 32. Rce1 Qxh5 33. Rxe7 f4 34. Nd2
Rh8 35. Bh4 Qxh4 36. Re8+ Kd7 37. Rxh8 Qxh8 38. Re4 Qg7 0-1

[Event "0MCR_3DE_1L_1S"]
[Site "?"]
[Date "2003.??.??"]
[Round "?"]
[White "Hlavac, Rudolf"]
[Black "Strnad, Martin"]
[Result "1/2-1/2"]
[WhiteElo "2303"]
[BlackElo "2235"]
[PlyCount "56"]
[EventDate "2003.??.??"]
[EventType "corr"]
[EventRounds "2"]
[SourceDate "2004.06.03"]

1. b3 e5 2. Bb2 Nc6 3. c4 Nf6 4. e3 d5 5. cxd5 Nxd5 6. a3 Bd6 7. Qc2 O-O 8. Nf3
Qe7 9. Nc3 Nxc3 10. Qxc3 f5 11. b4 a6 12. Bc4+ Be6 13. d3 Bxc4 14. Qxc4+ Kh8
15. Nd2 Rf6 16. O-O Rg6 17. g3 Rh6 18. Rfe1 Qe8 19. Qd5 Rd8 20. Qg2 Be7 21. d4
Qf7 22. Re2 Rhd6 23. Rc1 Rd5 24. Nc4 Qh5 25. Ree1 exd4 26. exd4 Bf6 27. Ne5
Bxe5 28. dxe5 R5d7 1/2-1/2

[Event "0MCR_3DE_1L_1S"]
[Site "?"]
[Date "2003.??.??"]
[Round "?"]
[White "Hlavac, Rudolf"]
[Black "Sykora, Josef"]
[Result "0-1"]
[WhiteElo "2303"]
[BlackElo "2370"]
[PlyCount "128"]
[EventDate "2003.??.??"]
[EventType "corr"]
[EventRounds "2"]
[SourceDate "2004.06.03"]

1. e4 c6 2. d4 d5 3. exd5 cxd5 4. c3 Nc6 5. Nf3 Qc7 6. Bb5 Bg4 7. h3 Bh5 8. g4
Bg6 9. Ne5 e6 10. Bf4 Bd6 11. Nd2 Nge7 12. Qe2 a6 13. Bxc6+ Nxc6 14. Nxg6 hxg6
15. Bxd6 Qxd6 16. O-O-O b5 17. Kb1 b4 18. c4 a5 19. Qe3 a4 20. c5 Qe7 21. Nf3
Rc8 22. h4 Qd8 23. Qf4 Qf6 24. Qxf6 gxf6 25. Ng1 Ke7 26. Ne2 Rh6 27. h5 Rch8
28. Ng3 gxh5 29. gxh5 f5 30. f4 Rg8 31. Rd3 Rg4 32. Ne2 Rg2 33. Re3 Na5 34. b3
axb3 35. axb3 Nc6 36. Rh4 Rh8 37. Rh1 Kf6 38. Rhh3 Ra8 39. Rhg3 Rf2 40. h6 Rh8
41. Rh3 Rh7 42. Kc1 Rg2 43. Kd1 Rg6 44. Reg3 Rgxh6 45. Rxh6+ Rxh6 46. Kd2 Rh2
47. Rd3 Ke7 48. Kd1 Na7 49. Rg3 Nb5 50. Rd3 Kd7 51. Ke1 Kc6 52. Kd1 Rh1+ 53.
Kd2 Rb1 54. Kc2 Rf1 55. Kd2 Rf2 56. Ke1 Rg2 57. Kd1 Rh2 58. Ke1 Na3 59. Kd2
Nb1+ 60. Kd1 Rh1+ 61. Kc2 Re1 62. Re3 Nc3 63. Kd2 Nxe2 64. Rxe2 Rf1 0-1

[Event "0MCR_3DE_1L_1S"]
[Site "?"]
[Date "2003.??.??"]
[Round "?"]
[White "Lounek, Jan"]
[Black "Gubas, Jan"]
[Result "1-0"]
[WhiteElo "2320"]
[BlackElo "2315"]
[PlyCount "61"]
[EventDate "2003.??.??"]
[EventType "corr"]
[EventRounds "2"]
[SourceDate "2004.06.03"]

1. e4 e6 2. d4 d5 3. Nd2 b6 4. Ngf3 Nf6 5. e5 Nfd7 6. c4 Bb7 7. cxd5 Bxd5 8.
Bc4 c6 9. O-O Be7 10. Qc2 b5 11. Bd3 h6 12. Ne4 O-O 13. Qe2 b4 14. Bf4 f5 15.
exf6 Nxf6 16. Nxf6+ Rxf6 17. Be5 Rf8 18. Be4 c5 19. Bxd5 exd5 20. Bg3 Rf6 21.
dxc5 Bxc5 22. Rac1 Bd6 23. Bh4 g5 24. Nxg5 hxg5 25. Bxg5 Nd7 26. Bxf6 Nxf6 27.
Qe6+ Kg7 28. Rc6 Bb8 29. Re1 b3 30. a4 a5 31. Qf5 1-0

[Event "0MCR_3DE_1L_1S"]
[Site "?"]
[Date "2003.??.??"]
[Round "?"]
[White "Lounek, Jan"]
[Black "Hlavac, Rudolf"]
[Result "1/2-1/2"]
[WhiteElo "2320"]
[BlackElo "2303"]
[PlyCount "130"]
[EventDate "2003.??.??"]
[EventType "corr"]
[EventRounds "2"]
[SourceDate "2004.06.03"]

1. e4 e6 2. d4 g6 3. Nc3 Bg7 4. Nf3 Ne7 5. h4 h6 6. Bf4 d6 7. Qd2 a6 8. O-O-O
b5 9. Bd3 Nd7 10. g4 Bb7 11. g5 h5 12. Kb1 Nb6 13. Rhe1 O-O 14. a3 Qd7 15. Be2
Nc4 16. Qd3 c6 17. Nd2 Nxd2+ 18. Rxd2 a5 19. Qg3 Rfd8 20. Red1 Nc8 21. Qe3 Qc7
22. Na2 Nb6 23. b3 Ba6 24. Bg3 a4 25. b4 Nc4 26. Bxc4 bxc4 27. Nc3 Qe7 28. e5
d5 29. Nxa4 Rdb8 30. Nc5 Bf8 31. Kb2 Bb5 32. Ra1 Ba4 33. Kc1 Qc7 34. Qc3 Bxc5
35. dxc5 Rb7 36. Kd1 Rba7 37. Bf4 Bb5 38. Ke2 Rd8 39. Rdd1 Rd7 40. Kf1 Ba4 41.
Be3 Ra8 42. Bd4 Qb8 43. Rd2 Ra6 44. Qf3 Rda7 45. Kg2 Rd7 46. Bb2 d4 47. Qf4 Qd8
48. Rxd4 Rxd4 49. Qxd4 Qxd4 50. Bxd4 Bxc2 51. Kf3 Kf8 52. Ke3 Ke7 53. Kd2 Ba4
54. Kc3 Bb5 55. Be3 Ra8 56. Ra2 Ra7 57. Bd4 Ra8 58. Ra1 Ra7 59. f4 Ra8 60. Kb2
Ra7 61. Rd1 Rd7 62. Rd2 Rd8 63. Kc2 Rd7 64. Bb2 Rxd2+ 65. Kxd2 Kd7 1/2-1/2

[Event "0MCR_3DE_1L_1S"]
[Site "?"]
[Date "2003.??.??"]
[Round "?"]
[White "Lounek, Jan"]
[Black "Mikoska, Josef"]
[Result "1-0"]
[WhiteElo "2320"]
[BlackElo "2210"]
[PlyCount "87"]
[EventDate "2003.??.??"]
[EventType "corr"]
[EventRounds "2"]
[SourceDate "2004.06.03"]

1. e4 e5 2. Nf3 Nc6 3. Bb5 a6 4. Ba4 Nf6 5. O-O Bc5 6. c3 Ba7 7. d4 Nxe4 8. Re1
f5 9. Nbd2 O-O 10. Nxe4 fxe4 11. Rxe4 d5 12. Bg5 Qd6 13. dxe5 Bxf2+ 14. Kh1 Qg6
15. Qxd5+ Be6 16. Qxe6+ Qxe6 17. Bb3 Qxb3 18. axb3 h6 19. Bd2 Kf7 20. Rf1 Bb6
21. Rg4 Rad8 22. Bc1 Rde8 23. h3 h5 24. Rg5 Kg8 25. Re1 h4 26. Be3 Bxe3 27.
Rxe3 Rf4 28. Kh2 Re6 29. Rg4 Rxg4 30. hxg4 Rh6 31. g5 Re6 32. Kh3 Ne7 33. Nxh4
Kf7 34. Kg4 c5 35. Nf5 Kf8 36. Nxe7 Kxe7 37. Kf5 g6+ 38. Ke4 Rb6 39. c4 Ke6 40.
Rf3 Rb4 41. g4 a5 42. Rf6+ Ke7 43. Rxg6 Rxb3 44. Rf6 1-0

[Event "0MCR_3DE_1L_1S"]
[Site "?"]
[Date "2003.??.??"]
[Round "?"]
[White "Lounek, Jan"]
[Black "Pecka, Josef"]
[Result "1-0"]
[WhiteElo "2320"]
[BlackElo "2285"]
[PlyCount "71"]
[EventDate "2003.??.??"]
[EventType "corr"]
[EventRounds "2"]
[SourceDate "2004.06.03"]

1. e4 e6 2. d4 d5 3. Nd2 dxe4 4. Nxe4 Nf6 5. Nxf6+ gxf6 6. Nf3 b6 7. Bf4 Bb7 8.
Bb5+ c6 9. Bd3 Bd6 10. Bg3 Qc7 11. Qe2 Nd7 12. c3 O-O-O 13. a4 Bxg3 14. fxg3 h5
15. b4 Rhg8 16. a5 b5 17. a6 Ba8 18. O-O Kb8 19. Nd2 Rg4 20. Be4 f5 21. Bf3 Rg7
22. Nb3 Rh7 23. Nc5 Rg8 24. Nxd7+ Qxd7 25. Bxh5 Qc7 26. Rf4 Kc8 27. Rh4 Rd8 28.
Bf3 Rxh4 29. gxh4 Qf4 30. h5 Kb8 31. Rd1 Kc7 32. c4 Rxd4 33. Qf2 c5 34. Rxd4
cxd4 35. Bxa8 Qc1+ 36. Qf1 1-0

[Event "0MCR_3DE_1L_1S"]
[Site "?"]
[Date "2003.??.??"]
[Round "?"]
[White "Lounek, Jan"]
[Black "Prepiora, Vaclav"]
[Result "1/2-1/2"]
[WhiteElo "2320"]
[BlackElo "2360"]
[PlyCount "42"]
[EventDate "2003.??.??"]
[EventType "corr"]
[EventRounds "2"]
[SourceDate "2004.06.03"]

1. e4 c5 2. Nf3 d6 3. d4 cxd4 4. Nxd4 Nf6 5. Nc3 Nc6 6. Bg5 e6 7. Qd2 a6 8.
O-O-O h6 9. Be3 Be7 10. f4 Nxd4 11. Bxd4 b5 12. Be2 b4 13. Na4 Rb8 14. Bxf6
gxf6 15. b3 Qa5 16. Kb1 Bb7 17. Bf3 f5 18. Rhe1 Rg8 19. Nb2 Qc5 20. Na4 Qa5 21.
Nb2 Qc5 1/2-1/2

[Event "0MCR_3DE_1L_1S"]
[Site "?"]
[Date "2003.??.??"]
[Round "?"]
[White "Lounek, Jan"]
[Black "Strnad, Martin"]
[Result "1-0"]
[WhiteElo "2320"]
[BlackElo "2235"]
[PlyCount "69"]
[EventDate "2003.??.??"]
[EventType "corr"]
[EventRounds "2"]
[SourceDate "2004.06.03"]

1. e4 c5 2. Nf3 d6 3. d4 cxd4 4. Nxd4 Nf6 5. Nc3 a6 6. Be3 e6 7. f3 b5 8. g4 h6
9. Qd2 Nbd7 10. O-O-O Bb7 11. h4 b4 12. Na4 Qa5 13. b3 e5 14. Nf5 d5 15. Bh3 g6
16. Nxh6 Bc6 17. g5 Bxh6 18. exd5 Qxd5 19. gxh6 Qxd2+ 20. Rxd2 Bxf3 21. Rf1 Bg4
22. Bg2 Rc8 23. Nb6 Rc7 24. Bg5 Bf5 25. Nc4 O-O 26. Ne3 Re8 27. Nxf5 gxf5 28.
Rxf5 Nh7 29. Bd5 Nc5 30. Bd8 Rxd8 31. Bxf7+ Rxf7 32. Rxd8+ Rf8 33. Rfxf8+ Nxf8
34. h7+ Kxh7 35. Rxf8 1-0

[Event "0MCR_3DE_1L_1S"]
[Site "?"]
[Date "2003.??.??"]
[Round "?"]
[White "Lounek, Jan"]
[Black "Sykora, Josef"]
[Result "1-0"]
[WhiteElo "2320"]
[BlackElo "2370"]
[PlyCount "151"]
[EventDate "2003.??.??"]
[EventType "corr"]
[EventRounds "2"]
[SourceDate "2004.06.03"]

1. e4 c6 2. d4 d5 3. Nd2 dxe4 4. Nxe4 Nd7 5. Ng5 Ngf6 6. Bd3 e6 7. N1f3 Bd6 8.
Qe2 h6 9. Ne4 Nxe4 10. Qxe4 c5 11. O-O Qc7 12. Re1 Nf6 13. Qh4 Bd7 14. dxc5
Qxc5 15. Be3 Qh5 16. Qxh5 Nxh5 17. Rad1 Nf6 18. Bd4 a6 19. Ne5 Rc8 20. Nc4 Be7
21. Nb6 Rd8 22. Be5 Bc5 23. Bc7 Bxb6 24. Bxb6 Rc8 25. c4 O-O 26. f3 Bc6 27. b3
Rfe8 28. Rd2 Nd7 29. Bd4 f6 30. Red1 Nf8 31. Be3 Kf7 32. a4 e5 33. Bf5 Ne6 34.
Rd6 Rc7 35. a5 h5 36. Kf2 h4 37. Bc2 Rcc8 38. b4 Red8 39. Bb3 Rxd6 40. Rxd6 Ke7
41. c5 Nd8 42. g3 hxg3+ 43. hxg3 Bb5 44. Bd2 Nc6 45. f4 Nd4 46. Bd5 Bc6 47.
fxe5 fxe5 48. Bg5+ Kf8 49. Bc4 Re8 50. g4 Ba4 51. Rb6 Bc6 52. Be3 Nb5 53. Bxb5
Bxb5 54. Rxb7 Re7 55. Rb6 Kf7 56. c6 Re8 57. Bc5 Rc8 58. Rb7+ Kf6 59. c7 Ke6
60. Rb6+ Kd7 61. Bd6 Ke6 62. g5 g6 63. Kf3 Kd5 64. Ke3 Bf1 65. Bc5 Rxc7 66.
Rxg6 Bb5 67. Rd6+ Kc4 68. Ke4 Rg7 69. g6 Be8 70. Kf5 Rxg6 71. Rxg6 Bxg6+ 72.
Kxg6 e4 73. Kf5 e3 74. Ke6 e2 75. Bf2 Kxb4 76. Be1+ 1-0

[Event "0MCR_3DE_1L_1S"]
[Site "?"]
[Date "2003.??.??"]
[Round "?"]
[White "Mikoska, Josef"]
[Black "Gubas, Jan"]
[Result "0-1"]
[WhiteElo "2210"]
[BlackElo "2315"]
[PlyCount "64"]
[EventDate "2003.??.??"]
[EventType "corr"]
[EventRounds "2"]
[SourceDate "2004.06.03"]

1. e4 e6 2. d4 d5 3. Nd2 b6 4. Ngf3 Nf6 5. e5 Nfd7 6. c3 Be7 7. Qa4 c5 8. Bd3
Bb7 9. O-O Nc6 10. Re1 a6 11. Bb1 cxd4 12. cxd4 g5 13. Kh1 g4 14. Ng1 Bh4 15.
Rf1 f6 16. Qd1 h5 17. Bg6+ Kf8 18. g3 Bg5 19. f4 Bh6 20. Bb1 Nxd4 21. Ne2 Nxe2
22. Qxe2 f5 23. Kg1 h4 24. Nb3 hxg3 25. hxg3 d4 26. Qc4 Qe8 27. Nxd4 Bd5 28.
Qa4 Qh5 29. Nxf5 Nc5 30. Qd4 Qh1+ 31. Kf2 Qg2+ 32. Ke1 exf5 0-1

[Event "0MCR_3DE_1L_1S"]
[Site "?"]
[Date "2003.??.??"]
[Round "?"]
[White "Mikoska, Josef"]
[Black "Hlavac, Rudolf"]
[Result "0-1"]
[WhiteElo "2210"]
[BlackElo "2303"]
[PlyCount "66"]
[EventDate "2003.??.??"]
[EventType "corr"]
[EventRounds "2"]
[SourceDate "2004.06.03"]

1. e4 e6 2. d4 g6 3. Nf3 Bg7 4. Nbd2 b6 5. Bd3 d5 6. O-O Ne7 7. Re1 O-O 8. c3
c5 9. dxc5 bxc5 10. exd5 exd5 11. Bc2 Nbc6 12. Nb3 c4 13. Nbd4 Bg4 14. Qd2 Nxd4
15. Nxd4 Re8 16. b3 Qd6 17. Qg5 Bxd4 18. cxd4 Bf5 19. Qd2 c3 20. Qd1 Rac8 21.
Bg5 f6 22. Be3 Bxc2 23. Qxc2 Nf5 24. Rad1 Qb4 25. Kf1 Re4 26. Rd3 Nxd4 27. Bxd4
Rxd4 28. Re2 Rxd3 29. Qxd3 Qc5 30. Rc2 d4 31. h3 Kg7 32. Ke1 Re8+ 33. Kd1 Qe5
0-1

[Event "0MCR_3DE_1L_1S"]
[Site "?"]
[Date "2003.??.??"]
[Round "?"]
[White "Mikoska, Josef"]
[Black "Lounek, Jan"]
[Result "1/2-1/2"]
[WhiteElo "2210"]
[BlackElo "2320"]
[PlyCount "99"]
[EventDate "2003.??.??"]
[EventType "corr"]
[EventRounds "2"]
[SourceDate "2004.06.03"]

1. e4 c5 2. Nf3 d6 3. d4 cxd4 4. Nxd4 Nf6 5. Nc3 a6 6. Be2 e5 7. Nb3 Be7 8. O-O
O-O 9. Be3 Be6 10. Nd5 Nbd7 11. Qd3 Bxd5 12. exd5 Nc5 13. Qd2 Nfe4 14. Qb4 a5
15. Qb5 Qc7 16. Rad1 f5 17. Nxc5 Nxc5 18. a4 Rac8 19. c3 Bf6 20. f4 e4 21. Rb1
Ra8 22. Rfc1 Rfc8 23. Kh1 Qd7 24. Qxd7 Nxd7 25. Bb5 Nc5 26. Kg1 g6 27. Rd1 Kf8
28. Kf2 h5 29. h3 h4 30. Rg1 Ke7 31. Ke2 Rh8 32. Bxc5 dxc5 33. d6+ Kxd6 34.
Rbd1+ Ke6 35. Rd7 Be7 36. Rgd1 Kf6 37. Bc4 Rhf8 38. Rxb7 Rab8 39. Ra7 Ra8 40.
Rdd7 Rxa7 41. Rxa7 Bd8 42. Bd5 Bb6 43. Rb7 Bd8 44. Rb5 Ke7 45. Rxc5 Bb6 46. Rc6
Rf6 47. Rc8 Rf8 48. Rc4 Rd8 49. Rc6 Rd6 50. Rxd6 1/2-1/2

[Event "0MCR_3DE_1L_1S"]
[Site "?"]
[Date "2003.??.??"]
[Round "?"]
[White "Mikoska, Josef"]
[Black "Pecka, Josef"]
[Result "1-0"]
[WhiteElo "2210"]
[BlackElo "2285"]
[PlyCount "105"]
[EventDate "2003.??.??"]
[EventType "corr"]
[EventRounds "2"]
[SourceDate "2004.06.03"]

1. e4 e5 2. Nf3 Nf6 3. Nxe5 d6 4. Nf3 Nxe4 5. d4 d5 6. Bd3 Bd6 7. O-O O-O 8. c4
c6 9. Re1 Re8 10. c5 Bc7 11. Nc3 Bf5 12. Bg5 Qd7 13. Qc2 Na6 14. a3 h6 15. Be3
Rad8 16. Nh4 Bh7 17. f3 Ng5 18. Nf5 Bxf5 19. Bxf5 Qe7 20. Re2 Qf6 21. Rae1 Ne6
22. Bf2 Re7 23. g3 Nb8 24. Kg2 b6 25. cxb6 axb6 26. f4 Bd6 27. Bxe6 Rxe6 28.
Rxe6 fxe6 29. Na4 Bc7 30. b4 Rd7 31. f5 exf5 32. Nxb6 Re7 33. Rxe7 Qxe7 34. Na4
Qe4+ 35. Qxe4 fxe4 36. Nc5 Kf7 37. g4 Bd6 38. Bg3 Bxc5 39. bxc5 Na6 40. h4 g6
41. h5 g5 42. Bd6 Kg7 43. Kf2 Kf7 44. Ke3 Kg7 45. Kd2 Kf6 46. Kc3 Ke6 47. Kb3
Kf6 48. Ka4 e3 49. Ka5 e2 50. Bg3 Nc7 51. Kb6 Nb5 52. a4 Nxd4 53. a5 1-0